000 00871nam a2200217 i 4500
001 182927
003 ES-MaACL
005 20251015063153.0
008 131217s1770 fr f |||| | fre d
100 1 _aBeauvais-Raseau,
_d17..-17..
_9154015
245 1 2 _aL'art de l'indigotier / par M. de Beauvais-Raseau.
260 _a[Paris] :
_bSaillant et Nyon,
_c1770 (
_fImp. de L.F. Delatour)
300 _a118 p., 11 lám. ;
_c44 cm.
490 1 _aDescriptions des arts et métiers faites ou approuvées par Messieurs de l'Académie Royale des Sciences
530 _aDisponible en formato digital.
650 7 _aColorantes
_2embne
_9136931
830 0 0 _aDescriptions des arts et métiers
_9241750
852 _aES-MaACL
_jR-60(4)
_xOlim: C-10827-70
856 _uhttp://gallica.bnf.fr/ark:/12148/bpt6k1067616x?rk=21459;2
_zBNF-Gallica
999 _c182927
_d182927